• 首页
  • 本馆介绍
  • 公告通知
  • 最新文献
  • 馆藏检索
  • 电子资源
  • 读者导购
  • 参考咨询
  • 我的图书馆
  • 登录
  • 详细信息显示
  • 放入我的书架
  • 预约/预借图书
  • 作者相关作品
  • 分类相关作品
  • 丛书相关作品
  • 出版社相关作品

书目信息

  • 表格格式
  • 工作单格式
  • 卡片格式
题名:
设计与制作
    
 
作者: 罗永宽 主编
分册: 上  
出版信息: 大连   大连理工大学出版社  2020.9
页数: 288页
开本: 30cm
丛书名:
单 册:
中图分类: G631.6
科图分类:
主题词: 中学生--素质教育--教材
电子资源:
ISBN: 978-7-5685-2652-4
000 01052nam0 2200265 45
001 012001002290
005 20210923092424.89
010    @a978-7-5685-2652-4@dCNY60.00
100    @a20201224d2020 de y0chiy0110 ea
101 0  @achi
102    @aCN@b210000
105    @aa z 000yy
106    @ar
200 1  @a设计与制作@Ashe ji yu zhi zuo@dDesign making@h上@f罗永宽主编@zeng@FLuo Yong Kuan Zhu Bian
210    @a大连@c大连理工大学出版社@d2020.9
215    @a288页@c彩图@d30cm
300    @a中学生创新实践能力培养系列教材 大连市普通高中创新实践学校
300    @a并列题名:Design making
330    @a本书包括电子控制技术、机器人设计与制作、服装及其设计、视觉传达艺术、现代家政技术等十三个专题,介绍131个教学项目的制作方法,采取“项目引领任务驱动”的教学模式,每个项目都体现了STEM、情境教学法的运用,包括项目介绍、情境导入、制作方法等。
510 1  @aDesign making@zeng
606 0  @a中学生@x素质教育@j教材
690    @aG631.6@v5
701  0 @a罗永宽@Aluo yong kuan@4主编
801    @aCN@bAHXH@c20210922
905    @b1281513-7@dG631.6@e1198:1@f5
    
    设计与制作=Design making.上/罗永宽主编.-大连:大连理工大学出版社,2020.9
    288页:彩图;30cm
    中学生创新实践能力培养系列教材 大连市普通高中创新实践学校.-并列题名:Design making
    
    ISBN 978-7-5685-2652-4:CNY60.00
    本书包括电子控制技术、机器人设计与制作、服装及其设计、视觉传达艺术、现代家政技术等十三个专题,介绍131个教学项目的制作方法,采取“项目引领任务驱动”的教学模式,每个项目都体现了STEM、情境教学法的运用,包括项目介绍、情境导入、制作方法等。
●
相关链接 在E读中查询图书 在五车中查询图书 在当当中查询图书 在豆瓣中查询图书


正题名:设计与制作     索取号:G631.6/1198:1         预约/预借

序号 登录号 条形码 馆藏地/架位号 状态 备注
1 1281513   212815131   第一样本阅览室/ [索取号:G631.6/1198:1] 在馆    
2 1281514   212815140   教育系资料室/ [索取号:G631.6/1198:1] 在馆    
3 1281515   212815159   教育系资料室/ [索取号:G631.6/1198:1] 在馆    
4 1281516   212815168   第四借阅区/ [索取号:G631.6/1198:1] 在馆    
5 1281517   212815177   第四借阅区/ [索取号:G631.6/1198:1] 在馆    
唐山师范学院图书馆 欢迎您!
大连网信软件有限公司© 版权所有